[Event "GER-ch 67th"]
[Site "Binz"]
[Date "1995.??.??"]
[Round "1"]
[White "Boensch, Uwe"]
[Black "Bastian, Herbert"]
[Result "1-0"]
[WhiteElo "2560"]
[BlackElo "2345"]
[EventDate "1995.11.??"]
[PlyCount "57"]

1. d4 Nf6 2. c4 c6 3. Nc3 d5 4. cxd5 cxd5 5. Bf4 Nc6 6. e3 a6 7. Nf3 g6 8. Bd3 Bg7 9. h3 O-O 10. Ne5 Nh5 11. Nxc6 bxc6 12. Bh2 c5 13. dxc5 d4 14. exd4 Bb7 15. Be4 Bxe4 16. Nxe4 Qd5 17. Qf3 Qc4 18. Rd1 Bxd4 19. Qe2 Qb4+ 20. Rd2 Bxb2 21. O-O Bd4 22. Rc2 Qb5 23. Qxb5 axb5 24. Rb1 Ra5 25. Bc7 Ra4 26. Rxb5 Rc8 27. Rb8 Rxb8 28. Bxb8 Nf4 29. Bxf4 1-0

[Event "GER-ch 67th"]
[Site "Binz"]
[Date "1995.??.??"]
[Round "1"]
[White "Enders, Peter"]
[Black "Buchal, Stephan"]
[Result "0-1"]
[WhiteElo "2470"]
[BlackElo "2295"]
[EventDate "1995.11.??"]
[PlyCount "78"]

1. e4 g6 2. d4 Bg7 3. Nc3 d6 4. Nf3 Nf6 5. Be2 O-O 6. O-O Bg4 7. Be3 Nc6 8. Qd2 e5 9. d5 Ne7 10. Rad1 b5 11. a3 a5 12. Bxb5 Bxf3 13. gxf3 Nh5 14. Kh1 f5 15. Bg5 Bf6 16. Rg1 Bxg5 17. Qxg5 Nf4 18. Qh4 Rb8 19. a4 Kg7 20. b3 Rf6 21. Rd2 Qf8 22. Nd1 h6 23. Ne3 g5 24. Bd7 Nfg6 25. Qh3 Nf4 26. Qf1 Nfg6 27. Bxf5 Nh4 28. Rg3 Nexf5 29. Nxf5+ Nxf5 30. exf5 Rxf5 31. Kg2 Rb4 32. Qa6 Rbf4 33. Qxa5 Rxf3 34. Qxc7+ Kg6 35. Qb6 R3f4 36. a5 h5 37. a6 h4 38. Rc3 Rd4 39. Re2 g4 0-1

[Event "GER-ch 67th"]
[Site "Binz"]
[Date "1995.??.??"]
[Round "1"]
[White "Kachiani Gersinska, Ketino"]
[Black "Kirschbaum, Gunnar"]
[Result "1-0"]
[WhiteElo "2360"]
[BlackElo "2205"]
[EventDate "1995.11.??"]
[PlyCount "63"]

1. d4 Nf6 2. c4 g6 3. Nc3 Bg7 4. e4 d6 5. Be2 O-O 6. Bg5 Na6 7. f3 c5 8. d5 e6 9. Qd2 Nc7 10. a4 exd5 11. cxd5 b6 12. h4 h5 13. Nh3 Re8 14. Nf2 a6 15. O-O Rb8 16. Rfb1 b5 17. axb5 Nxb5 18. Bxb5 axb5 19. b4 Bd7 20. Qf4 Rc8 21. Qxd6 cxb4 22. Na2 b3 23. Rxb3 Qc7 24. Qxc7 Rxc7 25. Rab1 Nxd5 26. exd5 Re2 27. Rc1 Be5 28. Nc3 Rxc3 29. Rbxc3 Bd4 30. Rc7 Bf5 31. Rf1 b4 32. d6 1-0

[Event "GER-ch 67th"]
[Site "Binz"]
[Date "1995.??.??"]
[Round "1"]
[White "Lagunow, Alexander"]
[Black "Kuraszkiewicz, Michael"]
[Result "1-0"]
[WhiteElo "2395"]
[BlackElo "2280"]
[EventDate "1995.11.??"]
[PlyCount "77"]

1. c4 g6 2. Nf3 Bg7 3. d4 d6 4. g3 Nf6 5. Bg2 O-O 6. O-O Nc6 7. Nc3 a6 8. h3 Rb8 9. Be3 Bd7 10. Rc1 b5 11. Nd2 e5 12. dxe5 Nxe5 13. b3 bxc4 14. f4 Nc6 15. Nxc4 Ne7 16. Ba7 Ra8 17. Bf2 Be6 18. e4 Nd7 19. Na5 Nb6 20. Bxb6 cxb6 21. Nb7 Qd7 22. Nxd6 Bxh3 23. e5 Rab8 24. Nd5 Nxd5 25. Qxd5 Be6 26. Qc6 Rfd8 27. Rfd1 Qxc6 28. Rxc6 f6 29. exf6 Bxf6 30. Re1 Bg4 31. Kh2 Rd7 32. Bh3 Bxh3 33. Kxh3 Bd4 34. Rec1 Rbd8 35. Ne4 Re7 36. Ng5 Be3 37. R1c2 Rd3 38. Re2 Rdd7 39. Ne6 1-0

[Event "GER-ch 67th"]
[Site "Binz"]
[Date "1995.??.??"]
[Round "1"]
[White "Loew, Gerald"]
[Black "Zude, Arno"]
[Result "0-1"]
[WhiteElo "2285"]
[BlackElo "2405"]
[EventDate "1995.11.??"]
[PlyCount "50"]

1. e4 e5 2. Nf3 Nc6 3. Bb5 a6 4. Ba4 Nf6 5. d3 Bc5 6. c3 d6 7. Nbd2 O-O 8. h3 Nh5 9. d4 exd4 10. cxd4 Ba7 11. O-O Nf4 12. Nb1 Qf6 13. Nc3 Nxh3+ 14. gxh3 Bxh3 15. Bxc6 Qg6+ 16. Ng5 bxc6 17. Re1 Bd7 18. Kh2 f5 19. e5 f4 20. Nh3 Bxh3 21. Kxh3 Rf5 22. exd6 f3 23. Re5 Rxe5 24. dxe5 Qg2+ 25. Kh4 Bxf2+ 0-1

[Event "GER-ch 67th"]
[Site "Binz"]
[Date "1995.??.??"]
[Round "1"]
[White "Mainka, Romuald"]
[Black "Boehnisch, Manfred"]
[Result "1-0"]
[WhiteElo "2530"]
[BlackElo "2315"]
[EventDate "1995.11.??"]
[PlyCount "53"]

1. e4 c6 2. d4 d5 3. e5 Bf5 4. c4 e6 5. Nc3 Ne7 6. a3 dxc4 7. Bxc4 Nd5 8. Nge2 Be7 9. O-O Nd7 10. Ng3 Nxc3 11. bxc3 Bg6 12. f4 Nb6 13. Bb3 Qd7 14. Qe2 Nd5 15. c4 Nc7 16. Be3 h5 17. Qf3 h4 18. f5 hxg3 19. fxg6 gxh2+ 20. Kh1 f6 21. d5 cxd5 22. cxd5 Nxd5 23. exf6 Bxf6 24. Rad1 Rh4 25. Bg5 O-O-O 26. Bxh4 Bxh4 27. Bxd5 1-0

[Event "GER-ch 67th"]
[Site "Binz"]
[Date "1995.??.??"]
[Round "1"]
[White "Molinaroli, Martin"]
[Black "Teske, Henrik"]
[Result "0-1"]
[WhiteElo "2310"]
[BlackElo "2500"]
[EventDate "1995.11.??"]
[PlyCount "82"]

1. Nf3 c5 2. g3 b5 3. Bg2 Bb7 4. O-O Nf6 5. d3 Nc6 6. e4 d6 7. Nc3 b4 8. Nd5 e5 9. Bg5 Be7 10. Nxe7 Qxe7 11. Nh4 Bc8 12. Nf5 Bxf5 13. exf5 Rc8 14. c3 Qd7 15. f4 Qxf5 16. fxe5 Qxg5 17. exf6 O-O 18. fxg7 Kxg7 19. Bh3 Rc7 20. Bf5 Re8 21. Rf4 Ne5 22. Qe2 Rce7 23. Qf2 bxc3 24. bxc3 Ng6 25. Bxg6 hxg6 26. Rf1 f5 27. h4 Qf6 28. g4 Re2 29. Qg3 R8e3 30. R4f3 Rxf3 31. Qxf3 Qe5 32. Qf4 Qxf4 33. Rxf4 Rxa2 34. gxf5 Rd2 35. fxg6 Kxg6 36. d4 cxd4 37. cxd4 a5 38. Kf1 a4 39. d5 a3 40. Ra4 a2 41. Ke1 Rb2 0-1

[Event "GER-ch 67th"]
[Site "Binz"]
[Date "1995.??.??"]
[Round "1"]
[White "Mueller, Matthias"]
[Black "Bischoff, Klaus"]
[Result "1/2-1/2"]
[WhiteElo "2340"]
[BlackElo "2550"]
[EventDate "1995.11.??"]
[PlyCount "83"]

1. e4 c5 2. Nf3 d6 3. d4 cxd4 4. Nxd4 Nf6 5. Nc3 e6 6. Be3 Be7 7. g4 a6 8. g5 Nfd7 9. h4 Nc6 10. Qe2 O-O 11. O-O-O Nxd4 12. Bxd4 b5 13. a3 Re8 14. f4 Bf8 15. Qh2 Rb8 16. g6 fxg6 17. h5 b4 18. hxg6 h6 19. axb4 Rxb4 20. f5 e5 21. Be3 Bb7 22. Bd3 Qc7 23. Bxh6 gxh6 24. g7 Bxg7 25. Rdg1 Nf6 26. Qxh6 Kf8 27. Qh4 Qf7 28. Rg6 Ke7 29. Rhg1 Rh8 30. Qg5 Bf8 31. Qe3 Rg8 32. Qa7 Rxg6 33. fxg6 Bh6+ 34. Kb1 Qe8 35. Na2 Rb5 36. Bxb5 Qxb5 37. Nc3 Qd7 38. Qb8 Bg7 39. Rf1 Bc6 40. Rd1 Ne8 41. Rf1 Nf6 42. Qb3 1/2-1/2

[Event "GER-ch 67th"]
[Site "Binz"]
[Date "1995.??.??"]
[Round "1"]
[White "Pohlers, Juergen"]
[Black "Voekler, Bernd"]
[Result "0-1"]
[WhiteElo "2105"]
[BlackElo "2360"]
[EventDate "1995.11.??"]
[PlyCount "70"]

1. d4 Nf6 2. c4 g6 3. Nc3 Bg7 4. e4 d6 5. Nf3 O-O 6. h3 Qe8 7. Be3 Na6 8. Qd2 e5 9. dxe5 dxe5 10. c5 Bd7 11. Rd1 Rd8 12. Bxa6 bxa6 13. O-O Qe7 14. Nd5 Nxd5 15. exd5 Bc6 16. d6 cxd6 17. cxd6 Qb7 18. Bc5 Rd7 19. Qc3 Bxf3 20. Qxf3 Qxf3 21. gxf3 Rc8 22. b4 Bf8 23. Rfe1 f6 24. f4 exf4 25. Kg2 Kf7 26. Re4 g5 27. Kf3 a5 28. a3 axb4 29. axb4 a5 30. Kg4 axb4 31. Bxb4 Rc2 32. Kf5 Rb2 33. Rc1 Bxd6 34. Bxd6 Rb5+ 35. Kg4 f5+ 0-1

[Event "GER-ch 67th"]
[Site "Binz"]
[Date "1995.??.??"]
[Round "1"]
[White "Roeber, Bjoern"]
[Black "Wesseln, Kai"]
[Result "0-1"]
[WhiteElo "2210"]
[BlackElo "2365"]
[EventDate "1995.11.??"]
[PlyCount "94"]

1. d4 f5 2. c4 Nf6 3. g3 g6 4. Bg2 Bg7 5. Nf3 O-O 6. O-O d6 7. Nc3 Nc6 8. d5 Ne5 9. Nxe5 dxe5 10. e4 f4 11. c5 g5 12. Qd3 a6 13. Rd1 Qe8 14. h3 f3 15. Bxf3 Bxh3 16. Bxg5 Qg6 17. Bh4 Rad8 18. Qe2 Rf7 19. Bxf6 Qxf6 20. Rd3 Rdf8 21. Nd1 Qg5 22. Bh5 Rf6 23. g4 Qh4 24. Rg3 Rxf2 25. Qxf2 Rxf2 26. Kxf2 Bh6 27. Nc3 Bf4 28. Rag1 Bf1 29. Kxf1 Bxg3 30. Nd1 Qh3+ 31. Ke2 Qh2+ 32. Kf1 Bh4 33. g5 Qf4+ 34. Ke2 Bxg5 35. Nf2 h6 36. Rd1 Qe3+ 37. Kf1 Qxc5 38. Rd3 Qc1+ 39. Kg2 Qxb2 40. Rf3 Qxa2 41. Bf7+ Kg7 42. d6 Qa4 43. dxe7 Bxe7 44. Bh5 Qa2 45. Kh3 Bg5 46. Ng4 Bf4 47. Rd3 Qe6 0-1

[Event "GER-ch 67th"]
[Site "Binz"]
[Date "1995.??.??"]
[Round "1"]
[White "Rudolf, Henrik"]
[Black "Machelett, Heiko"]
[Result "0-1"]
[WhiteElo "2280"]
[BlackElo "2385"]
[EventDate "1995.11.??"]
[PlyCount "80"]

1. e4 e6 2. d4 d5 3. Nc3 Be7 4. Bd3 Nc6 5. Nf3 Nb4 6. e5 Nxd3+ 7. Qxd3 Qd7 8. Ne2 b6 9. h4 a5 10. Nf4 Ba6 11. Qd1 O-O-O 12. Ng5 Nh6 13. c3 Rdf8 14. g4 Re8 15. f3 Bd8 16. Qc2 Ng8 17. Ng2 f6 18. Nh3 Ne7 19. Bf4 Ng6 20. Bg3 fxe5 21. dxe5 Rhf8 22. f4 Qb5 23. O-O-O Qe2 24. h5 Nh8 25. Qxe2 Bxe2 26. Rde1 Bxg4 27. h6 gxh6 28. Ne3 Bf3 29. Rhf1 Be4 30. Nf2 Bg6 31. Nfg4 h5 32. Nh6 Nf7 33. Nxf7 Rxf7 34. Rf2 Be4 35. c4 c6 36. cxd5 cxd5 37. Kd2 Rg8 38. Rc1+ Rc7 39. Rxc7+ Kxc7 40. Bh2 Bh4 0-1

[Event "GER-ch 67th"]
[Site "Binz"]
[Date "1995.??.??"]
[Round "1"]
[White "Schulz, Karsten"]
[Black "Schlosser, Philipp"]
[Result "0-1"]
[WhiteElo "2315"]
[BlackElo "2500"]
[EventDate "1995.11.??"]
[PlyCount "94"]

1. g3 c5 2. Bg2 Nc6 3. c4 Nf6 4. Nc3 e6 5. Nf3 d5 6. cxd5 Nxd5 7. O-O Be7 8. d4 O-O 9. Nxd5 exd5 10. b3 Bg4 11. Ne5 Nxe5 12. dxe5 Be6 13. f4 g6 14. e4 dxe4 15. Bxe4 c4 16. Be3 Qc7 17. bxc4 Bxc4 18. Rf2 Rac8 19. Qf3 b5 20. Rc2 Bc5 21. Bxc5 Qxc5+ 22. Qf2 Qa3 23. Rac1 Rfd8 24. Qf3 Qc5+ 25. Qf2 Rd4 26. Bf3 Rcd8 27. Rd2 Qa3 28. Rxd4 Qxc1+ 29. Bd1 Rxd4 30. Qxd4 h6 31. f5 gxf5 32. Kf2 Bxa2 33. Be2 Bc4 34. e6 Bxe6 35. Bxb5 Qa3 36. Be2 a5 37. g4 Qb4 38. Qd8+ Kg7 39. gxf5 Bxf5 40. Qd5 Qf4+ 41. Ke1 a4 42. Qc5 Be6 43. Bd3 Kf6 44. Qf8 Qe3+ 45. Be2 a3 46. Qd8+ Kg7 47. Qd1 Bc4 0-1

[Event "GER-ch 67th"]
[Site "Binz"]
[Date "1995.??.??"]
[Round "1"]
[White "Siebrecht, Sebastian"]
[Black "Wahls, Matthias"]
[Result "0-1"]
[WhiteElo "2325"]
[BlackElo "2550"]
[EventDate "1995.11.??"]
[PlyCount "82"]

1. g3 g6 2. Bg2 Bg7 3. e4 c5 4. Ne2 Nc6 5. O-O e5 6. Nbc3 Nge7 7. Nd5 Nxd5 8. exd5 Ne7 9. c3 d6 10. d4 exd4 11. cxd4 b6 12. dxc5 bxc5 13. Nc3 O-O 14. Bg5 h6 15. Bf4 Rb8 16. Ne4 Rb6 17. h4 Bb7 18. Nc3 Rb4 19. Qc1 Kh7 20. Re1 Nf5 21. a3 Rb6 22. Rb1 a5 23. Na4 Ra6 24. h5 Nd4 25. Be4 Bc8 26. Qc4 Ra7 27. Qd3 Qf6 28. Nb6 Ba6 29. Nc4 Rb7 30. Rec1 Re8 31. Kg2 Rb3 32. hxg6+ fxg6 33. Bxg6+ Qxg6 34. Qxg6+ Kxg6 35. Nxd6 Re2 36. Rxc5 Rf3 37. Ne4 Rxe4 38. Rxa5 Bd3 39. Rd1 Rxf2+ 40. Kg1 Be2 41. Kxf2 Bxd1 0-1

[Event "GER-ch 67th"]
[Site "Binz"]
[Date "1995.??.??"]
[Round "1"]
[White "Slobodjan, Roman"]
[Black "Schirm, Friedmar"]
[Result "1-0"]
[WhiteElo "2500"]
[BlackElo "2315"]
[EventDate "1995.11.??"]
[PlyCount "69"]

1. e4 c5 2. Nf3 d6 3. d4 cxd4 4. Nxd4 Nf6 5. Nc3 Nc6 6. f3 e6 7. Be3 Be7 8. Qd2 O-O 9. O-O-O a6 10. g4 Nd7 11. h4 Nde5 12. Qf2 Qc7 13. g5 b5 14. Nxc6 Qxc6 15. Ne2 Nc4 16. Nd4 Qc7 17. Bxc4 bxc4 18. Bd2 Qb6 19. Rh2 d5 20. e5 c3 21. Bxc3 Bd7 22. f4 Rab8 23. Nb3 Qb5 24. Qd2 Rfc8 25. f5 a5 26. f6 Bf8 27. Qd3 a4 28. Nd4 Qb6 29. h5 Rxc3 30. Qxc3 Bb4 31. Qd3 Ba5 32. c3 a3 33. g6 axb2+ 34. Kb1 Be8 35. gxh7+ 1-0

[Event "GER-ch 67th"]
[Site "Binz"]
[Date "1995.??.??"]
[Round "1"]
[White "Stern, Rene"]
[Black "Reddmann, Hauke"]
[Result "1-0"]
[WhiteElo "2435"]
[BlackElo "2285"]
[EventDate "1995.11.??"]
[PlyCount "63"]

1. d4 Nf6 2. c4 e6 3. Nc3 Bb4 4. Qc2 c5 5. dxc5 Nc6 6. Nf3 O-O 7. Bg5 Qa5 8. Bxf6 gxf6 9. e3 Bxc5 10. Be2 f5 11. O-O Be7 12. a3 Ne5 13. Nd4 a6 14. f4 Nc6 15. Nxc6 bxc6 16. b4 Qc7 17. c5 Bf6 18. e4 fxe4 19. Rad1 Bxc3 20. Qxc3 f5 21. g4 fxg4 22. f5 Bb7 23. Bc4 Rae8 24. Rd6 Bc8 25. Qe5 Re7 26. Rf4 Rff7 27. Rxe4 a5 28. Red4 axb4 29. fxe6 dxe6 30. Rd8+ Rf8 31. Qg5+ Rg7 32. Qf6 1-0

[Event "GER-ch 67th"]
[Site "Binz"]
[Date "1995.??.??"]
[Round "1"]
[White "Vatter, Hans Joachim"]
[Black "Schaller, Sven"]
[Result "1-0"]
[WhiteElo "2385"]
[BlackElo "2275"]
[EventDate "1995.11.??"]
[PlyCount "53"]

1. e4 e6 2. d4 d5 3. e5 c5 4. c3 Bd7 5. Nf3 Qb6 6. a3 cxd4 7. cxd4 Bb5 8. Bxb5+ Qxb5 9. Nc3 Qb6 10. O-O Ne7 11. b4 Nec6 12. Qd3 Nd7 13. Be3 Be7 14. Nd2 O-O 15. f4 Qd8 16. f5 exf5 17. Qxf5 Nb6 18. Rf3 Qc8 19. Qh5 Qe6 20. Rg3 f5 21. Ne2 Nd8 22. Bh6 Rf7 23. Nf4 Qc6 24. Nf3 Rc8 25. e6 Bf6 26. exf7+ Nxf7 27. Kh1 1-0

[Event "GER-ch 67th"]
[Site "Binz"]
[Date "1995.??.??"]
[Round "1"]
[White "Vuckovic, Aleksandar"]
[Black "Rabiega, Robert"]
[Result "1/2-1/2"]
[WhiteElo "2290"]
[BlackElo "2470"]
[EventDate "1995.11.??"]
[PlyCount "92"]

1. e4 e5 2. Nf3 Nc6 3. d4 exd4 4. Nxd4 Bc5 5. Nb3 Bb4+ 6. c3 Be7 7. c4 Nf6 8. Bd3 Ne5 9. O-O Nxd3 10. Qxd3 d6 11. Nc3 O-O 12. Kh1 Re8 13. f4 Bf8 14. Bd2 c6 15. Rae1 a5 16. h3 Nd7 17. Be3 a4 18. Nd2 Qh4 19. Nf3 Qh5 20. Bd4 Qa5 21. e5 dxe5 22. fxe5 Qd8 23. Qe4 Nc5 24. Bxc5 Bxc5 25. Qf4 Be6 26. Ne4 Be7 27. Nd6 Rf8 28. Nf5 Bxf5 29. Qxf5 Qc8 30. Qf4 Qe6 31. b3 c5 32. Ng5 Bxg5 33. Qxg5 axb3 34. axb3 h6 35. Qg3 Kh8 36. Rd1 Rad8 37. Rd6 Rxd6 38. exd6 Rd8 39. Rd1 Kg8 40. Rd5 b6 41. Qd3 Rd7 42. Qd2 Qe4 43. Kh2 f5 44. Qf2 g6 45. Qg3 Qe6 46. Qf4 Kg7 1/2-1/2

[Event "GER-ch 67th"]
[Site "Binz"]
[Date "1995.??.??"]
[Round "1"]
[White "Womacka, Mathias"]
[Black "Lorscheid, Gerhard"]
[Result "0-1"]
[WhiteElo "2490"]
[BlackElo "2305"]
[EventDate "1995.11.??"]
[PlyCount "82"]

1. e4 d6 2. d4 Nf6 3. Nc3 g6 4. f4 Bg7 5. Nf3 O-O 6. Be3 b6 7. Bc4 c5 8. Qe2 a6 9. e5 Ng4 10. O-O-O Nxe3 11. Qxe3 Nc6 12. dxc5 bxc5 13. exd6 exd6 14. Ne4 Nd4 15. Bd5 Rb8 16. c3 Qb6 17. Rd2 Nf5 18. Qf2 h5 19. Nfg5 Bb7 20. Bb3 Qc7 21. Ng3 Nxg3 22. hxg3 Bc8 23. Re1 c4 24. Bc2 Qa5 25. Bb1 Bf5 26. Bxf5 Qxf5 27. Qf3 Rb6 28. Qd5 Bxc3 29. Qxf5 Bxd2+ 30. Kxd2 gxf5 31. Kc3 d5 32. Rd1 Rb5 33. Nf3 Re8 34. Nd4 Re3+ 35. Kc2 Rb6 36. Nxf5 Re2+ 37. Kc3 Rbxb2 38. Rxd5 Rec2+ 39. Kd4 Rd2+ 40. Kxc4 Rxd5 41. Kxd5 Rxa2 0-1

[Event "GER-ch 67th"]
[Site "Binz"]
[Date "1995.??.??"]
[Round "2"]
[White "Bastian, Herbert"]
[Black "Loew, Gerald"]
[Result "0-1"]
[WhiteElo "2345"]
[BlackElo "2285"]
[EventDate "1995.11.??"]
[PlyCount "98"]

1. e4 c5 2. Nc3 Nc6 3. g3 g6 4. Bg2 Bg7 5. d3 d6 6. f4 e6 7. Nf3 Nge7 8. O-O O-O 9. Be3 b6 10. d4 d5 11. exd5 Nf5 12. Bf2 Ncxd4 13. Ne5 Ba6 14. Re1 Rc8 15. dxe6 Nxe6 16. Nd5 Bb7 17. c4 Nfd4 18. Qa4 a5 19. Qd7 Bxe5 20. Rxe5 Bxd5 21. Qxd5 Qc7 22. Rae1 Rcd8 23. Qe4 Rfe8 24. h4 Nf5 25. h5 Nd6 26. Qe2 Nd4 27. Qd3 Rxe5 28. Rxe5 N6f5 29. hxg6 hxg6 30. Bd5 Nc6 31. Rxf5 gxf5 32. Qxf5 Rd6 33. g4 Nd4 34. Qe4 Qd7 35. f5 Rh6 36. Bg3 Qd8 37. Kg2 Qf6 38. g5 Qxg5 39. Qe8+ Kh7 40. Qxf7+ Qg7 41. Qxg7+ Kxg7 42. Be5+ Kf8 43. f6 Ke8 44. Kg3 Kd7 45. f7 Ke7 46. Bc7 Rg6+ 47. Kh4 Rf6 48. Kh5 Ne6 49. Bg3 Nf4+ 0-1

[Event "GER-ch 67th"]
[Site "Binz"]
[Date "1995.??.??"]
[Round "2"]
[White "Bischoff, Klaus"]
[Black "Vuckovic, Aleksandar"]
[Result "1/2-1/2"]
[WhiteElo "2550"]
[BlackElo "2290"]
[EventDate "1995.11.??"]
[PlyCount "54"]

1. c4 e5 2. Nc3 Nc6 3. g3 g6 4. Bg2 Bg7 5. e4 Nge7 6. Nge2 O-O 7. d3 d6 8. O-O h6 9. Nd5 f5 10. Be3 Kh7 11. Qd2 Nd4 12. Bxd4 exd4 13. Nxe7 Qxe7 14. exf5 Rxf5 15. Rae1 Qg5 16. Qd1 Rf8 17. Nf4 Bg4 18. h4 Qxf4 19. gxf4 Bxd1 20. Rxd1 Rxf4 21. Rde1 Be5 22. Re4 Raf8 23. Rxf4 Rxf4 24. h5 b6 25. hxg6+ Kxg6 26. Re1 Kg5 27. Kf1 Rf7 1/2-1/2

[Event "GER-ch 67th"]
[Site "Binz"]
[Date "1995.??.??"]
[Round "2"]
[White "Buchal, Stephan"]
[Black "Stern, Rene"]
[Result "0-1"]
[WhiteElo "2295"]
[BlackElo "2435"]
[EventDate "1995.11.??"]
[PlyCount "30"]

1. e4 e5 2. Nc3 Nc6 3. Nf3 Nf6 4. g3 Bc5 5. Nxe5 Nxe5 6. Bg2 Nc6 7. e5 Ng8 8. O-O Nge7 9. Kh1 O-O 10. Ne4 Bb6 11. f4 d6 12. b4 a6 13. exd6 cxd6 14. Bb2 d5 15. Ng5 h6 0-1

[Event "GER-ch 67th"]
[Site "Binz"]
[Date "1995.??.??"]
[Round "2"]
[White "Gerstner, Wolfgang"]
[Black "Meyer, Ingo"]
[Result "1-0"]
[WhiteElo "2370"]
[BlackElo "2305"]
[EventDate "1995.11.??"]
[PlyCount "73"]

1. d4 d5 2. c4 dxc4 3. Nf3 e6 4. e3 b5 5. a4 c6 6. axb5 cxb5 7. b3 Bb4+ 8. Bd2 Bxd2+ 9. Nbxd2 a5 10. bxc4 b4 11. Bd3 Nf6 12. O-O O-O 13. Qc2 Bb7 14. e4 g6 15. e5 Nfd7 16. Ne4 Bc6 17. Qd2 Kg7 18. Rfe1 b3 19. Qb2 a4 20. d5 exd5 21. e6+ Nf6 22. Neg5 Re8 23. exf7 Rxe1+ 24. Rxe1 Bd7 25. Re8 Bxe8 26. Ne6+ Kxf7 27. Nxd8+ Ke7 28. Qe5+ Kxd8 29. Qxf6+ Kc7 30. Nd4 Bd7 31. Qe5+ Kc8 32. Qxd5 Ra7 33. Qc5+ Rc7 34. Qf8+ Kb7 35. Be4+ Ka7 36. Qb4 Na6 37. Nb5+ 1-0

[Event "GER-ch 67th"]
[Site "Binz"]
[Date "1995.??.??"]
[Round "2"]
[White "Kirschbaum, Gunnar"]
[Black "Schulz, Karsten"]
[Result "0-1"]
[WhiteElo "2205"]
[BlackElo "2315"]
[EventDate "1995.11.??"]
[PlyCount "80"]

1. d4 g6 2. c4 Bg7 3. Nc3 d6 4. e4 Nd7 5. f4 e5 6. dxe5 dxe5 7. Nf3 c6 8. fxe5 Nxe5 9. Qxd8+ Kxd8 10. Bf4 f6 11. Be2 Ke7 12. O-O Be6 13. Bxe5 fxe5 14. Ng5 Nf6 15. Nxe6 Kxe6 16. c5 Rad8 17. Rad1 Rd4 18. Rxd4 exd4 19. Nd1 Bh6 20. b4 Rf8 21. Bf3 a5 22. bxa5 Ra8 23. Nb2 Be3+ 24. Kh1 Rxa5 25. e5 Rxa2 26. Nd3 Rd2 27. exf6 Rxd3 28. Be2 Rc3 29. f7 Bh6 30. f8=Q Bxf8 31. Rxf8 Rc1+ 32. Rf1 Rxf1+ 33. Bxf1 Kd5 34. Kg1 Kxc5 35. Kf2 Kb4 36. Kf3 Kc3 37. Ke4 b5 38. h4 b4 39. g4 b3 40. h5 c5 0-1

[Event "GER-ch 67th"]
[Site "Binz"]
[Date "1995.??.??"]
[Round "2"]
[White "Kuraszkiewicz, Michael"]
[Black "Hennings, Artur"]
[Result "1-0"]
[WhiteElo "2280"]
[BlackElo "2345"]
[EventDate "1995.11.??"]
[PlyCount "53"]

1. d4 d5 2. c4 c6 3. Nc3 Nf6 4. e3 g6 5. Nf3 Bg7 6. Be2 O-O 7. O-O Bf5 8. cxd5 Nxd5 9. Qb3 Nb6 10. Rd1 a5 11. e4 Be6 12. d5 cxd5 13. exd5 Bg4 14. Bg5 h6 15. Be3 N8d7 16. d6 e5 17. Qb5 Be6 18. Ne4 a4 19. Rac1 f5 20. Nc5 Nxc5 21. Bxc5 Nd7 22. Ba3 Bxa2 23. Rc7 Rf7 24. Rdc1 b6 25. Qc6 Be6 26. Nd2 Qg5 27. Qxa8+ 1-0

[Event "GER-ch 67th"]
[Site "Binz"]
[Date "1995.??.??"]
[Round "2"]
[White "Lorscheid, Gerhard"]
[Black "Slobodjan, Roman"]
[Result "1/2-1/2"]
[WhiteElo "2305"]
[BlackElo "2500"]
[EventDate "1995.11.??"]
[PlyCount "196"]

1. e4 e5 2. Nf3 Nc6 3. Bc4 Nf6 4. d3 Be7 5. O-O O-O 6. c3 d6 7. Nbd2 Na5 8. Bb5 a6 9. Ba4 b5 10. Bc2 c5 11. d4 cxd4 12. cxd4 exd4 13. Nxd4 Qb6 14. N2f3 Nc4 15. b3 Ne5 16. h3 Re8 17. Bb2 Bf8 18. Nxe5 dxe5 19. Nf3 Bd6 20. a4 bxa4 21. Rxa4 Bd7 22. Ra1 Bb5 23. Bd3 Rad8 24. Qe2 Bxd3 25. Qxd3 Ba3 26. Qe2 Bxb2 27. Qxb2 Nxe4 28. Nxe5 Qb5 29. Nc4 Rd3 30. Rfe1 Rxb3 31. Qc2 Rc3 32. Nd6 Rxc2 33. Nxb5 axb5 34. Rxe4 Rcc8 35. Rb4 Rc5 36. Ra7 g5 37. Rb7 Ree5 38. f4 gxf4 39. Rxf4 Rf5 40. Rg4+ Kf8 41. Rb4 h5 42. Kh2 Rfe5 43. Rf4 Re7 44. Rb8+ Kg7 45. Rb4 Ree5 46. Rb6 Rg5 47. Rb2 Rcd5 48. Kg1 f6 49. h4 Rge5 50. Kh2 Kf7 51. Ra2 Re4 52. g3 Re6 53. Rb7+ Re7 54. Rb6 Ree5 55. Kg2 Rf5 56. Rb2 Ke7 57. Ra2 Rd6 58. Rb7+ Rd7 59. Rb6 Kd8 60. Rb2 Rdd5 61. Rc2 Kd7 62. Kh2 Ke7 63. Rb2 Rc5 64. Rd2 Rcd5 65. Re2+ Kd8 66. Rc2 Kd7 67. Kg2 Rd3 68. Rb7+ Ke6 69. Rb2 Rdd5 70. Rb6+ Ke7 71. Rb7+ Kd6 72. Rc2 Rc5 73. Rb6+ Kd5 74. Rd2+ Kc4 75. Rc2+ Kb4 76. Rb2+ Kc3 77. Rb1 Kc2 78. Rb4 Kc1 79. Kg1 Kd2 80. Kg2 Kd3 81. Rb3+ Kc2 82. Rb4 Kd1 83. Rb1+ Ke2 84. Rb2+ Kd3 85. Rb3+ Kc4 86. Rb1 Rcd5 87. Rc6+ Kd3 88. Rd1+ Ke4 89. Re1+ Kd4 90. Rd1+ Ke3 91. Rxd5 Rxd5 92. Rxf6 Kd3 93. g4 Rd4 94. gxh5 Rxh4 95. Rf5 b4 96. Kg3 Rh1 97. Kg4 Kc4 98. Rf8 b3 1/2-1/2

[Event "GER-ch 67th"]
[Site "Binz"]
[Date "1995.??.??"]
[Round "2"]
[White "Lutz, Christopher"]
[Black "Zude, Arno"]
[Result "1/2-1/2"]
[WhiteElo "2575"]
[BlackElo "2405"]
[EventDate "1995.11.??"]
[PlyCount "91"]

1. e4 e5 2. Nf3 Nc6 3. Bb5 a6 4. Ba4 Nf6 5. O-O Be7 6. Re1 b5 7. Bb3 d6 8. c3 O-O 9. h3 Nd7 10. d4 Bf6 11. a4 Rb8 12. axb5 axb5 13. Be3 Re8 14. Nbd2 Nb6 15. d5 Ne7 16. Nf1 Ng6 17. Qd2 Nh4 18. N1h2 Nd7 19. Bc2 Nf8 20. Nxh4 Bxh4 21. Bd3 Bd7 22. b4 Qc8 23. Ra5 Bd8 24. Rea1 c6 25. dxc6 Bxc6 26. Ra7 Re7 27. R7a6 Reb7 28. Bc2 Be7 29. Nf1 Nd7 30. Ng3 g6 31. Bg5 Bf8 32. Nf1 Rb6 33. R6a5 Ra8 34. Ne3 Rba6 35. Nd5 Rxa5 36. bxa5 Bxd5 37. Qxd5 Nc5 38. Bd3 Nxd3 39. Qxd3 Qa6 40. Kh2 h6 41. Be3 Be7 42. Bxh6 Qc6 43. Be3 Bd8 44. Rd1 Bxa5 45. Ra1 Bc7 46. Rxa8+ 1/2-1/2

[Event "GER-ch 67th"]
[Site "Binz"]
[Date "1995.??.??"]
[Round "2"]
[White "Machelett, Heiko"]
[Black "Boensch, Uwe"]
[Result "0-1"]
[WhiteElo "2385"]
[BlackElo "2560"]
[EventDate "1995.11.??"]
[PlyCount "62"]

1. d4 d5 2. c4 e6 3. Nc3 Nf6 4. Bg5 Be7 5. cxd5 Nxd5 6. Bxe7 Qxe7 7. Nf3 Nxc3 8. bxc3 O-O 9. e3 b6 10. Bd3 Bb7 11. O-O Nd7 12. e4 c5 13. Re1 cxd4 14. cxd4 Rfc8 15. Qd2 Qa3 16. Rac1 h6 17. Rc4 Nf6 18. e5 Nd5 19. h3 Rxc4 20. Bxc4 Rc8 21. Bb3 a5 22. Kh2 Qb4 23. Qxb4 Nxb4 24. Kg3 b5 25. a4 Nd3 26. Re3 Rc3 27. Bd1 b4 28. Nd2 Nb2 29. Bb3 Bc6 30. Rxc3 bxc3 31. Nb1 Bxa4 0-1

[Event "GER-ch 67th"]
[Site "Binz"]
[Date "1995.??.??"]
[Round "2"]
[White "Maiwald, Jens Uwe"]
[Black "Knuth, Hannes"]
[Result "1-0"]
[WhiteElo "2485"]
[BlackElo "2265"]
[EventDate "1995.11.??"]
[PlyCount "55"]

1. Nf3 Nf6 2. d3 Nc6 3. e4 e5 4. c3 d5 5. Nbd2 Be7 6. b4 O-O 7. Bb2 Bg4 8. Qb1 Bh5 9. Be2 d4 10. h3 Bxf3 11. Nxf3 Qd6 12. O-O Nd7 13. Rc1 dxc3 14. Bxc3 Nd4 15. Nxd4 exd4 16. Bd2 f5 17. exf5 Rxf5 18. Qb3+ Kh8 19. Bg4 Rff8 20. f4 g5 21. Re1 Nf6 22. Re6 Qd8 23. Rae1 Nd5 24. Bf3 Ne3 25. R1xe3 dxe3 26. Bc3+ Bf6 27. Rxf6 Qxf6 28. Bxf6+ 1-0

[Event "GER-ch 67th"]
[Site "Binz"]
[Date "1995.??.??"]
[Round "2"]
[White "Molinaroli, Martin"]
[Black "Womacka, Mathias"]
[Result "0-1"]
[WhiteElo "2310"]
[BlackElo "2490"]
[EventDate "1995.11.??"]
[PlyCount "66"]

1. d4 Nf6 2. Nf3 e6 3. c4 c5 4. d5 exd5 5. cxd5 d6 6. Nc3 g6 7. e4 Bg7 8. Be2 O-O 9. Bf4 b5 10. Bxb5 Nxe4 11. Nxe4 Qa5+ 12. Qd2 Qxb5 13. Nxd6 Qxb2 14. Qxb2 Bxb2 15. Rb1 Bc3+ 16. Bd2 Bxd2+ 17. Kxd2 Nd7 18. Nxc8 Raxc8 19. Rb7 Nf6 20. Kc2 Nxd5 21. Rxa7 c4 22. Rd1 Rc5 23. Re1 c3 24. Ra4 Rb8 25. Rb1 Rxb1 26. Kxb1 Rb5+ 27. Kc2 Rb2+ 28. Kd3 Rxf2 29. Ke4 c2 30. Rc4 Nb4 31. Nd4 Rxg2 32. a3 Rg1 33. Nb3 Rg4+ 0-1